000 00620nam a22002057a 4500
003 dpl
005 20180709154249.0
008 180709b xxu||||| |||| 00| 0 eng d
020 _a81260046811
_c150.00
035 _aA-943674
040 _aDPL
_bEN
_c0
082 _a843
_bN-PIL
100 _aPillai, C.V. Raman
245 _aMarthanda Varma
_c/by C.V. Raman Varma;translated by B.K. Menon
260 _aNew Delhi
_bSahitya Akademi
_c1998
270 _aRabindra Bhawan, 35 Ferozeshah Road,
_bNew Delhi
_c110001
300 _a382p.
_c22cm
600 _aB.K.Menon,Tr.
942 _2ddc
_cEN
_h843
_mN-PIL
999 _c153668
_d153668